00617nam a2200193 a 450000100100000000500170001000800410002702000150006804000250008308200190010810000180012724000140014524501010015926000330026030000370029365000460033070000180037670000290039400001930920200929165958.0100601s19uu sp abc 000 0 spa d a8430538925 aDO-SdBNPbspacBNPHU aR567.91bN842a1 aNorman, David10aDinosaurs10aAtlas ilustrado de los dinosaurios /cDavid Norman, John Sibbick ; traducción Leandro Wolfson. aMadrid :bSusaeta,c[19--?]. a208 p. :bil. ; retrs. ;c27 cm. 4aDinosauriosxEnciclopedias y diccionarios1 aSibbick, John1 aWolfson, Leandro,etrad.